00719nam a22002057a 450000500170000001000140001702000260003103500130005703700130007008200120008310000230009524500630011826000450018127000460022630000230027250000500029594200260034599900170037195201250038820100727111823.0 aENG-97179 a9789380190259c500.00 aEN-80712 bDBAD/PUB a301.153 aSami, Muniba91861 aPostmodern Gandhi in life and literature /cby Muniba Sami aNew DelhibSatyam Publishing Housec2010 aN-3/25, Mohan Garden Uttam Nagar e110059 a176 pc21 cm. (Hb) aInculdes bibliographical references and index 2ddccENh301.153mSAM c37862d37862 001040718NFICaDBADbDBADd2010-07-27eDBAD/PUBg500.00l0o301.153 SAMpEN-80712r2010-07-27 00:00:00t1v500.00yEN